000 00309nam a2200133Ia 4500
005 20260328101456.0
008 260328s9999||||xx |||||||||||||| ||und||
100 _aHolzer, Richard
245 0 _aRichard Holzer /
_cRichard Holzer
260 _bImages
300 _a224 p.
650 _aARQUITECTOS
942 _cBK
999 _c8837
_d8837